| 000 | 00576nam a2200181Ia 4500 | ||
|---|---|---|---|
| 008 | 090124s9999 xx 000 0 und d | ||
| 082 | _b43518 | ||
| 100 | _aकाणेकर अनंत | ||
| 245 | _aVIJECHI VEL विजेची वेल | ||
| 250 | _a2 | ||
| 260 |
_bदेशमुख आणि कंपनी _c1975 |
||
| 300 | _a121 | ||
| 600 | _aकाणेकर अनंत | ||
| 630 | _aVIJECHI VEL विजेची वेल | ||
| 700 | _aकाणेकर अनंत | ||
| 730 | _aVIJECHI VEL विजेची वेल | ||
| 942 | _cBOOK | ||
| 999 |
_c109747 _d109747 |
||